000 00565nam a22001937a 4500
005 20251108165939.0
008 250721s2001 xx 000 0 ara d
082 1 4 _a346.04565/غيث
100 1 _aغيث، عزت
245 1 0 _aقانون المالكين و المستأجرين /
264 1 _aعمان :
_bدار قنديل،
_c2001.
300 _a86ص.
490 0 _aسلسلة التشريعات القضائية ؛6
650 1 7 _aالملكية
650 1 7 _aحقوق المستأجر
650 1 7 _aالأردن
942 _2ddc
_cBK
999 _c35563
_d35563